|
|
|
|
| LEADER |
00000cam a2200000 i 4500 |
| 003 |
Ucuenca |
| 005 |
20231223063003.0 |
| 006 |
a||||fr|||| 001 || |
| 007 |
ta |
| 008 |
994032t1992 xxuaaaafr |||1|||spa a |
| 020 |
|
|
|a 92 75 71039 2
|
| 040 |
|
|
|b spa
|a UCuenca-cdrjbv
|c UCuenca
|e rda
|
| 041 |
0 |
|
|a spa
|
| 082 |
0 |
|
|a 618.92
|2 21
|c 23792
|
| 245 |
0 |
0 |
|a Manual de medicina de la adolescencia /
|c Tomás J. Silver, Elbio N. Suárez Ojeda, Mabel M. Munish, Matilde Maddaleno, editores.
|
| 250 |
|
|
|a Primera edición
|
| 264 |
|
1 |
|a Washington:
|b Editorial Organización Panamericana de la Salud,
|c 1992.
|
| 300 |
|
|
|a 635 páginas:
|b tab
|c 23 cm
|
| 300 |
|
|
|b ilu
|
| 336 |
|
|
|2 rdacontent
|a texto
|b txt
|
| 337 |
|
|
|2 rdamedia
|a no mediado
|b n
|
| 338 |
|
|
|2 rdacarrier
|a volumen
|b nc
|
| 490 |
|
1 |
|a Serie PALTEX para ejecutores de programas de salud
|x No. 20
|
| 504 |
|
|
|a incl. ref.
|
| 650 |
1 |
7 |
|a Pediatría
|9 2161
|2 UCuenca-cdrjbv
|
| 650 |
1 |
7 |
|a Adolescencia
|9 2655
|
| 651 |
|
|
|2 UCuenca-cdrjbv
|
| 700 |
1 |
|
|a Silber, Tomás J.
|9 193108
|e editor
|
| 700 |
1 |
|
|a Munish, Mabel M.
|9 193110
|e editor
|
| 700 |
1 |
|
|9 193109
|a Suárez Ojeda, Elbio N.
|e editor
|
| 852 |
|
|
|a UC-SALUD
|f Canje
|l 1
|m General
|p 19940325
|q S/. 20.000
|t 23792
|b 0
|d CDRS
|e CDRS
|g 618.92 ESTANTERIA ABIERTA
|z 1994-40-32
|
| 942 |
|
|
|c BK
|z marlene.quinde@ucuenca.edu.ec
|2 ddc
|r margoth.maza@ucuenca.edu.ec
|
| 999 |
|
|
|c 49385
|d 49385
|